Postwar cycles in manufacturers' inventories (Record no. 501003)

000 -LEADER
fixed length control field 00502cam a22001457a 4500
008 - FIXED-LENGTH DATA ELEMENTS--GENERAL INFORMATION
fixed length control field 180718b1962 xxu||||| |||| 00| 0 eng d
082 ## - DEWEY DECIMAL CLASSIFICATION NUMBER
Classification number L73 St24p
100 ## - MAIN ENTRY--PERSONAL NAME
Personal name Stanback, Thomas M.
245 ## - TITLE STATEMENT
Title Postwar cycles in manufacturers' inventories
Statement of responsibility, etc. by Thomas M. Stanback
260 ## - PUBLICATION, DISTRIBUTION, ETC.
Place of publication, distribution, etc. New York
Name of publisher, distributor, etc. National Bureau of Economic Research
Date of publication, distribution, etc. 1962
300 ## - PHYSICAL DESCRIPTION
Extent 146p.
440 ## - SERIES STATEMENT/ADDED ENTRY--TITLE
Title National Bureau of Economic Research
650 ## - SUBJECT ADDED ENTRY--TOPICAL TERM
Topical term or geographic name entry element Business cycles, Investment --USA
700 ## - ADDED ENTRY--PERSONAL NAME
Personal name National Bureau of Economic Research
Holdings
Withdrawn status Lost status Damaged status Not for loan Permanent Location Current Location Date acquired Full call number Barcode Date last seen Price effective from Koha item type
        Indian Institute of Public Administration Indian Institute of Public Administration 2018-08-04 L73 St24p GR5104 2018-08-04 2018-08-04 GR

Powered by Koha